000 01169njm a2200301Ia 4500
001 D7002
003 IT-RoPAU
005 20220918181126.0
008 131025s9999 xx 000 0 und d
040 _aIT-RoPAU
040 _cIT-RoPAU
041 _aLATINO
999 _c100169
_d100169
999 _bn.d.
100 _aAmici Cantores
_931022
100 _eAutore musica
_931023
100 _gCodice autore musica SPICS: 45892
_931024
245 _aVerbum caro factum est
250 _a1a ed.
260 _aROMA
260 _bEP - MUSICALI E DISCOGRAFICHE
_c1995 [1a Ed.:1995 - Ed. Lingua Orig.: 1995]
300 _aCOMPACT DISC
300 _c53 minuti (Testo: pag.)
500 _aMusica religiosa.
505 _aVerbum caro factum est - Quem vidistis, pastores? - Christe, redemptor omnium - Puer natus est - Hodie Christus natus est - Domine, Dominus noster - Lapidabant Stephanum - Vox in Rama - Felix namque - Omnes de Saba - Magi viderut stellam - Senex puerum portabat - Alma redemptoris mater
650 _aRELIGIOSO [COMPACT DISC]
_eCodice MATERIA SPICS: 9949
_914031
700 _aAmici Cantores
_gCodice interprete SPICS: 45892
_eInterprete
_931025
942 _cCD
_2ddc